| 000 | 00443nam a2200181Ia 4500 | ||
|---|---|---|---|
| 001 | 47772 | ||
| 008 | 140429s9999 xx 000 0 und d | ||
| 020 | _aNA | ||
| 040 | _cPK-LaUMT | ||
| 082 |
_aRHC 891.4393 _bSAJ-H |
||
| 100 | _aSajjad Hussain | ||
| 245 |
_aHaji Baglool 9Urdu) _cSajjad Hussain |
||
| 260 |
_aKarachi,Pakistan: _bMushtaq Book Depot, _c1961 |
||
| 300 | _a296 p. | ||
| 546 | _aUR | ||
| 650 | _aUrdu literature | ||
| 942 | _cBK | ||
| 999 |
_c45659 _d45659 |
||